| 000 | 00613nam a22001935i 4500 | ||
|---|---|---|---|
| 001 | 162209 | ||
| 003 | ES-MaACL | ||
| 005 | 20230906212443.0 | ||
| 008 | 991119s1868 it |||| | ita d | ||
| 040 |
_aM-RAJU _bspa _cM-RAJU _dCCPB | B |
||
| 100 | 1 |
_aPisanelli, Giuseppe. _992363 |
|
| 245 | 1 | 0 |
_aDell' istituzione de'giurati / _cper Giuseppe Pisanelli. |
| 250 | _a2. ed. | ||
| 260 |
_aNapoli : _b[s.n.], _c1868 ( _fStabilimento Tipografico Ghio) |
||
| 300 |
_aXXIII, 325 p. ; _c19 cm. |
||
| 650 | 4 |
_aJurado- _zEspaña. _9168369 |
|
| 752 |
_aItalia - _dNápoles |
||
| 852 |
_aES-MaACL _jF-13399 _z-- Enc. pasta |
||
| 999 |
_c162209 _d162209 |
||